<?xml version="1.0" encoding="UTF-8"?>
<marc:record xmlns:marc="http://www.loc.gov/MARC21/slim">
   <marc:leader>00000nam a2200000 a 4500</marc:leader>
   <marc:datafield ind1=" " ind2=" " tag="653">
      <marc:subfield code="a">Torte</marc:subfield>
   </marc:datafield>
   <marc:datafield ind1=" " ind2=" " tag="653">
      <marc:subfield code="a">Softcover</marc:subfield>
   </marc:datafield>
   <marc:datafield ind1=" " ind2=" " tag="653">
      <marc:subfield code="a">Karte</marc:subfield>
   </marc:datafield>
   <marc:datafield ind1=" " ind2=" " tag="653">
      <marc:subfield code="a">Trinken / Themenkochbücher</marc:subfield>
   </marc:datafield>
   <marc:datafield ind1=" " ind2=" " tag="653">
      <marc:subfield code="a">Kochbuch</marc:subfield>
   </marc:datafield>
   <marc:datafield ind1="0" ind2="0" tag="245">
      <marc:subfield code="a">Das große österreichische Tortenbuch</marc:subfield>
   </marc:datafield>
   <marc:datafield ind1="0" ind2="0" tag="245">
      <marc:subfield code="b">Rezepte mit Tradition gekonnt zubereiten, festlich genießen</marc:subfield>
   </marc:datafield>
   <marc:datafield ind1=" " ind2="1" tag="264">
      <marc:subfield code="a">Graz</marc:subfield>
      <marc:subfield code="b">Stocker</marc:subfield>
      <marc:subfield code="c">2005</marc:subfield>
   </marc:datafield>
   <marc:datafield ind1="1" ind2=" " tag="520">
      <marc:subfield code="a">Angaben aus der Verlagsmeldung

Das grosse österreichische Tortenbuch : Rezepte mit Tradition. Gekonnt zubereiten, Festlich geniessen

Lust auf Torte! Rezepte aus Grossmutters Kochbuch und neue Kreationen für unkomplizierte und für festliche Torten – einfach für jeden Anlass!

· ca. 120 Rezepte, jede Torte abgebildet

· Altwiener Schokoladentorte, Meraner Haustorte, Gittertorte aus Grossmutters Kochbuch, Genfer Blätterteigtorte ...

· Sacher-, Dobos-, Schwarzwälderkirsch- und Linzertorte ...

· Oster- und Muttertagstorte, traditionelle Herrentorte, Frühlingstorte und Maicremetorte ...

· Erdbeer-Eierlikörtorte, Weinbeerkranz, Rhabarber-Amaretto-Torte, Zitronenbaiser-Torte ...

· Heidenmehl- und Reistorte, Othellotorte, Punschkuppel und Kürbiskuchen ...
</marc:subfield>
   </marc:datafield>
   <marc:datafield ind1=" " ind2=" " tag="020">
      <marc:subfield code="a">9783702011147</marc:subfield>
      <marc:subfield code="9">9783702011147</marc:subfield>
   </marc:datafield>
   <marc:datafield ind1=" " ind2=" " tag="020">
      <marc:subfield code="a">3702011145</marc:subfield>
      <marc:subfield code="9">3702011145</marc:subfield>
   </marc:datafield>
   <marc:datafield ind1=" " ind2=" " tag="300">
      <marc:subfield code="a">160 S.</marc:subfield>
   </marc:datafield>
</marc:record>
